<?xml version="1.0" encoding="UTF-8"?><marc:collection xmlns:marc="http://www.loc.gov/MARC21/slim">
  <marc:record>
    <marc:leader>01363cam a2200361  b4500</marc:leader>
    <marc:controlfield tag="001">gbv_1843296799</marc:controlfield>
    <marc:controlfield tag="003">DE-602</marc:controlfield>
    <marc:controlfield tag="005">20230522104605.0</marc:controlfield>
    <marc:controlfield tag="007">tu</marc:controlfield>
    <marc:controlfield tag="008">230420s1899    fr |||||      00| ||fre c</marc:controlfield>
    <marc:datafield tag="035" ind1=" " ind2=" ">
      <marc:subfield code="a">(DE-627)1843296799</marc:subfield>
    </marc:datafield>
    <marc:datafield tag="035" ind1=" " ind2=" ">
      <marc:subfield code="a">(DE-599)KXP1843296799</marc:subfield>
    </marc:datafield>
    <marc:datafield tag="035" ind1=" " ind2=" ">
      <marc:subfield code="a">(OCoLC)1376517034</marc:subfield>
    </marc:datafield>
    <marc:datafield tag="040" ind1=" " ind2=" ">
      <marc:subfield code="a">DE-627</marc:subfield>
      <marc:subfield code="b">ger</marc:subfield>
      <marc:subfield code="c">DE-627</marc:subfield>
      <marc:subfield code="e">rda</marc:subfield>
    </marc:datafield>
    <marc:datafield tag="041" ind1=" " ind2=" ">
      <marc:subfield code="a">fre</marc:subfield>
    </marc:datafield>
    <marc:datafield tag="044" ind1=" " ind2=" ">
      <marc:subfield code="c">XA-FR</marc:subfield>
    </marc:datafield>
    <marc:datafield tag="049" ind1=" " ind2=" ">
      <marc:subfield code="a">DE-1;1843296799</marc:subfield>
    </marc:datafield>
    <marc:datafield tag="100" ind1="1" ind2=" ">
      <marc:subfield code="a">Sand, George</marc:subfield>
      <marc:subfield code="d">1804-1876</marc:subfield>
      <marc:subfield code="e">VerfasserIn</marc:subfield>
      <marc:subfield code="0">(DE-588)118605348</marc:subfield>
      <marc:subfield code="0">(DE-627)13342992X</marc:subfield>
      <marc:subfield code="0">(DE-576)162853254</marc:subfield>
      <marc:subfield code="4">aut</marc:subfield>
    </marc:datafield>
    <marc:datafield tag="245" ind1="1" ind2="0">
      <marc:subfield code="a">Mauprat</marc:subfield>
      <marc:subfield code="c">par George Sand</marc:subfield>
    </marc:datafield>
    <marc:datafield tag="250" ind1=" " ind2=" ">
      <marc:subfield code="a">Nouvelle édition</marc:subfield>
    </marc:datafield>
    <marc:datafield tag="264" ind1=" " ind2="1">
      <marc:subfield code="a">Paris</marc:subfield>
      <marc:subfield code="b">Calmann Lévy, éditeur</marc:subfield>
      <marc:subfield code="c">1899</marc:subfield>
    </marc:datafield>
    <marc:datafield tag="264" ind1=" " ind2="3">
      <marc:subfield code="a">Lagny</marc:subfield>
      <marc:subfield code="b">Émile Colin</marc:subfield>
      <marc:subfield code="c">1899</marc:subfield>
    </marc:datafield>
    <marc:datafield tag="300" ind1=" " ind2=" ">
      <marc:subfield code="a">2 ungezählte Seiten, 1 ungezähltes Blatt, 383 Seiten</marc:subfield>
    </marc:datafield>
    <marc:datafield tag="336" ind1=" " ind2=" ">
      <marc:subfield code="a">Text</marc:subfield>
      <marc:subfield code="b">txt</marc:subfield>
      <marc:subfield code="2">rdacontent</marc:subfield>
    </marc:datafield>
    <marc:datafield tag="337" ind1=" " ind2=" ">
      <marc:subfield code="a">ohne Hilfsmittel zu benutzen</marc:subfield>
      <marc:subfield code="b">n</marc:subfield>
      <marc:subfield code="2">rdamedia</marc:subfield>
    </marc:datafield>
    <marc:datafield tag="338" ind1=" " ind2=" ">
      <marc:subfield code="a">Band</marc:subfield>
      <marc:subfield code="b">nc</marc:subfield>
      <marc:subfield code="2">rdacarrier</marc:subfield>
    </marc:datafield>
    <marc:datafield tag="490" ind1="1" ind2=" ">
      <marc:subfield code="a">Œuvres de George Sand</marc:subfield>
    </marc:datafield>
    <marc:datafield tag="500" ind1=" " ind2=" ">
      <marc:subfield code="a">Titel der Reihe auf dem Vortitelblatt verso abweichend: Œuvres complètes de George Sand</marc:subfield>
    </marc:datafield>
    <marc:datafield tag="751" ind1=" " ind2=" ">
      <marc:subfield code="a">Paris</marc:subfield>
      <marc:subfield code="0">(DE-588)4044660-8</marc:subfield>
      <marc:subfield code="0">(DE-627)106204734</marc:subfield>
      <marc:subfield code="0">(DE-576)209061790</marc:subfield>
      <marc:subfield code="4">pup</marc:subfield>
    </marc:datafield>
    <marc:datafield tag="751" ind1=" " ind2=" ">
      <marc:subfield code="a">Lagny</marc:subfield>
      <marc:subfield code="0">(DE-588)4213006-2</marc:subfield>
      <marc:subfield code="0">(DE-627)105076295</marc:subfield>
      <marc:subfield code="0">(DE-576)210212438</marc:subfield>
      <marc:subfield code="4">mfp</marc:subfield>
    </marc:datafield>
    <marc:datafield tag="800" ind1="1" ind2=" ">
      <marc:subfield code="a">Sand, George</marc:subfield>
      <marc:subfield code="d">1804-1876</marc:subfield>
      <marc:subfield code="t">Oeuvres.</marc:subfield>
      <marc:subfield code="9">Mau.1899</marc:subfield>
      <marc:subfield code="w">(DE-627)196187710</marc:subfield>
      <marc:subfield code="w">(DE-576)9196187719</marc:subfield>
      <marc:subfield code="7">nm</marc:subfield>
    </marc:datafield>
    <marc:datafield tag="924" ind1=" " ind2=" ">
      <marc:subfield code="a">1843296799</marc:subfield>
      <marc:subfield code="b">DE-1</marc:subfield>
      <marc:subfield code="c">KOBV</marc:subfield>
      <marc:subfield code="d">c</marc:subfield>
      <marc:subfield code="c">KOBV</marc:subfield>
    </marc:datafield>
    <marc:datafield tag="951" ind1=" " ind2=" ">
      <marc:subfield code="a">MV</marc:subfield>
    </marc:datafield>
  </marc:record>
</marc:collection>
